000 00984nam a2200217Ia 4500
001 11078
003 GE_BSU
008 181216s||||||||xx |||||||||||||| ||und||
040 _cGE_BSU
080 _a581.9(479.22)+581.6(479.22)
100 _aქვაჩაკიძე,რევაზ=KVACHAKIDZE,REVAZ
245 _aსაქართველოს ბუნებრივი მცენარეული რესურსები=Natural vegetation resources of Georgia
245 _cრედ.იოსებ ლაჩაშვილი
260 _aთბილისი.
260 _bმეცნიერება.
260 _c2003.
300 _a129გვ;20სმ.
520 _aქართულ საძიებელთა საძიებელი გვ.117.
653 _aსაქართველოს ბუნებრივი მცენარეული რესურსები=Natural vegetation resources of Georgia
942 _cBK
999 _c44320
_d44320